En las montañas de Holanda / (Registro nro. 4194)
[ vista simple ]
| 000 -LEADER | |
|---|---|
| fixed length control field | 01379nam a2200277Ia 4500 |
| 003 - CONTROL NUMBER IDENTIFIER | |
| control field | OSt |
| 005 - DATE AND TIME OF LATEST TRANSACTION | |
| control field | 20250421144206.0 |
| 008 - FIXED-LENGTH DATA ELEMENTS--GENERAL INFORMATION | |
| fixed length control field | 191128s2010 sp er 000 f spa d |
| 020 ## - INTERNATIONAL STANDARD BOOK NUMBER | |
| International Standard Book Number | 9788499083964 |
| 040 ## - CATALOGING SOURCE | |
| Original cataloging agency | CO-JMCR |
| Transcribing agency | CO-JMCR |
| 041 1# - LANGUAGE CODE | |
| Language code of text/sound track or separate title | spa |
| Language code of original | na |
| 082 04 - DEWEY DECIMAL CLASSIFICATION NUMBER | |
| Classification number | A-N |
| Item number | NOOm |
| 100 1# - MAIN ENTRY--PERSONAL NAME | |
| Personal name | Nooteboom, Cees, |
| Relator term | autor |
| 9 (RLIN) | 1008 |
| 245 17 - TITLE STATEMENT | |
| Title | En las montañas de Holanda / |
| Statement of responsibility, etc. | Cees Nooteboom |
| 250 ## - EDITION STATEMENT | |
| Edition statement | Primera edición |
| 260 ## - PUBLICATION, DISTRIBUTION, ETC. | |
| Place of publication, distribution, etc. | Barcelona : |
| Name of publisher, distributor, etc. | Debolsillo, |
| Date of publication, distribution, etc. | 2010 |
| 300 ## - PHYSICAL DESCRIPTION | |
| Extent | 14 páginas ; |
| Dimensions | 19 cm. |
| 490 0# - SERIES STATEMENT | |
| Series statement | Contemporánea |
| 500 ## - GENERAL NOTE | |
| General note | Incluye datos biografía del autor |
| 520 ## - SUMMARY, ETC. | |
| Summary, etc. | Érase una vez un tiempo en el que Holanda no era el pequeño país que conocemos: se extendía hacia el sur por una tierra montañosa y salvaje en la que todo podía suceder. A este lugar llegan Kai y Lucía, ilusionistas de circo, buscando trabajo. Pero a Kai lo secuestran y lo llevan al castillo de la Reina de las Nieves, la temible jefa de la banda de secuestradores, y Lucía sale en su busca hacia un lugar que nadie conoce. Nooteboom nos cuenta un cuento y nos habla de la realidad y la ilusión, de la verdad y el mito, de la vida y de la escritura. |
| 534 ## - ORIGINAL VERSION NOTE | |
| Introductory phrase | In Nederland. |
| 546 ## - LANGUAGE NOTE | |
| Language note | traducido del neerlandés |
| 650 14 - SUBJECT ADDED ENTRY--TOPICAL TERM | |
| Topical term or geographic name entry element | Novela holandesa |
| General subdivision | literatura holandesa |
| Chronological subdivision | Siglo XX |
| 9 (RLIN) | 1009 |
| 700 1# - ADDED ENTRY--PERSONAL NAME | |
| Personal name | Lorda i Alaiz, Felip, |
| Relator term | traductor |
| 9 (RLIN) | 1010 |
| 942 ## - ADDED ENTRY ELEMENTS (KOHA) | |
| Source of classification or shelving scheme | Dewey Decimal Classification |
| Koha item type | Books |
| Withdrawn status | Lost status | Source of classification or shelving scheme | Damaged status | Not for loan | Home library | Current library | Date acquired | Source of acquisition | Cost, normal purchase price | Total Checkouts | Total Renewals | Full call number | Barcode | Date last seen | Date last checked out | Copy number | Price effective from | Koha item type |
|---|---|---|---|---|---|---|---|---|---|---|---|---|---|---|---|---|---|---|
| Dewey Decimal Classification | Biblioteca Pública José María del Castillo y Rada | Biblioteca Pública José María del Castillo y Rada | 08/24/2018 | Donación | 0.00 | 3 | 2 | A-N NOOm | 201809019 | 08/13/2024 | 08/13/2024 | Ej.1 | 11/28/2019 | Books |